Cuốn sách hoàn hảo về ngôn ngữ cơ thể

Saved in:
Bibliographic Details
Main Author: Allan
Format: Book
Language:Undetermined
Published: New York Bantam Books 2017
Subjects:
Tags: Add Tag
No Tags, Be the first to tag this record!
Institutions: Trung tâm Học liệu Trường Đại học Cần Thơ
LEADER 00578nam a2200193Ia 4500
001 CTU_223788
008 210402s9999 xx 000 0 und d
020 |c 198000 
082 |a 153.69 
082 |b A417 
100 |a Allan 
245 0 |a Cuốn sách hoàn hảo về ngôn ngữ cơ thể 
245 0 |c Allan & Barbara Pease ; Lê Huy Lâm (Dịch) 
260 |a New York 
260 |b Bantam Books 
260 |c 2017 
650 |a Body language.,Ngôn ngữ cơ thể 
904 |i Tuyến 
980 |a Trung tâm Học liệu Trường Đại học Cần Thơ